MyGZULibrary

Clinical laboratory science education & management / (Record no. 4761)

MARC details
000 -LEADER
fixed length control field 00982pam a2200277 a 4500
001 - CONTROL NUMBER
control field 2582014
003 - CONTROL NUMBER IDENTIFIER
control field GZU
005 - DATE AND TIME OF LATEST TRANSACTION
control field 20210323152617.0
008 - FIXED-LENGTH DATA ELEMENTS--GENERAL INFORMATION
fixed length control field 961119s1998 paua b 001 0 eng c
010 ## - LIBRARY OF CONGRESS CONTROL NUMBER
LC control number 96049581
020 ## - INTERNATIONAL STANDARD BOOK NUMBER
International Standard Book Number 0721645437
040 ## - CATALOGING SOURCE
Original cataloging agency DNLM/DLC
Transcribing agency DLC
Modifying agency DLC
050 00 - LIBRARY OF CONGRESS CALL NUMBER
Classification number RB37.5
Item number .WAL 1998
100 1# - MAIN ENTRY--PERSONAL NAME
Personal name Wallace, M. Ann.
Relator term author
245 10 - TITLE STATEMENT
Title Clinical laboratory science education & management /
Statement of responsibility, etc. M. Ann Wallace, Deanna D. Klosinski.
246 3# - VARYING FORM OF TITLE
Title proper/short title Clinical laboratory science education and management
246 30 - VARYING FORM OF TITLE
Title proper/short title Education & management
260 ## - PUBLICATION, DISTRIBUTION, ETC.
Place of publication, distribution, etc. Philadelphia :
Name of publisher, distributor, etc. W.B. Saunders,
Date of publication, distribution, etc. c1998.
300 ## - PHYSICAL DESCRIPTION
Extent xii, 420 p. :
Other physical details ill. ;
Dimensions 26 cm.
504 ## - BIBLIOGRAPHY, ETC. NOTE
Bibliography, etc. note Includes bibliographical references and index.
650 #0 - SUBJECT ADDED ENTRY--TOPICAL TERM
Topical term or geographic name entry element Medical laboratory technology
General subdivision Study and teaching.
650 #0 - SUBJECT ADDED ENTRY--TOPICAL TERM
Topical term or geographic name entry element Pathological laboratories
General subdivision Management.
700 1# - ADDED ENTRY--PERSONAL NAME
Personal name Klosinski, Deanna,
Dates associated with a name 1941-
Relator term author
906 ## - LOCAL DATA ELEMENT F, LDF (RLIN)
a 7
b cbc
c orignew
d 1
e ocip
f 19
g y-gencatlg
942 ## - ADDED ENTRY ELEMENTS (KOHA)
Source of classification or shelving scheme Library of Congress Classification
Koha item type Books
Classification part 37
Item part WAL
Call number prefix RB
Holdings
Withdrawn status Lost status Source of classification or shelving scheme Damaged status Not for loan Collection code Home library Current library Shelving location Date acquired Inventory number Total Checkouts Full call number Barcode Date last seen Copy number Price effective from Koha item type
    Library of Congress Classification     Non-fiction City Campus Library City Campus Library General Stacks 03/23/2021 4253   RB37 WAL 1998 G20634 03/23/2021 c.1 03/23/2021 Books